[Event "Santa Maria op 3rd"]
[Site "Santa Maria de Jetiba"]
[Date "2023.04.23"]
[Round "6"]
[White "Domingues, Michel Da Cruz"]
[Black "De Freitas, Fabio Ribeiro"]
[Result "1-0"]
[WhiteElo "1800"]
[BlackElo "1744"]
[PlyCount "65"]
[EventDate "2023.04.21"]
[EventType "swiss"]
[EventRounds "7"]
[EventCountry "BRA"]
[SourceTitle "EXT 2024"]
[Source "ChessBase"]
[SourceDate "2023.10.10"]
[SourceVersion "1"]
[SourceVersionDate "2023.10.10"]
[SourceQuality "1"]

1. f4 e5 2. fxe5 d6 3. exd6 Bxd6 4. Nf3 h5 5. d4 Nh6 6. e4 Bg4 7. Bc4 Nc6 8. c3 Bxf3 9. Qxf3 Qh4+ 10. g3 Qg4 11. Qxg4 Nxg4 12. e5 Be7 13. h3 Nh6 14. 0-0 f6 15. exf6 gxf6 16. Be6 Nd8 17. Bd5 c6 18. Bc4 Ndf7 19. Re1 Ng5 20. Kg2 Nf5 21. h4 Nf7 22. Bf4 Rg8 23. Kh3 Rg7 24. Nd2 b5 25. Be2 Nxg3 26. Bxg3 Rxg3+ 27. Kxg3 Bd6+ 28. Kh3 0-0-0 29. Bxh5 Nh6 30. Re8 f5 31. Rae1 Bf4 32. Nf3 Kd7 33. R1e7+ 1-0

[Event "Santa Maria SMXC Cup-B 6th"]
[Site "Santa Maria de Jetiba"]
[Date "2020.06.15"]
[Round "13"]
[White "De Freitas, Fabio Ribeiro"]
[Black "Ferreira, Cladimir Nunes"]
[Result "1-0"]
[WhiteElo "1755"]
[BlackElo "1899"]
[PlyCount "69"]
[EventDate "2019.12.21"]
[EventType "tourn"]
[EventRounds "14"]
[EventCountry "BRA"]
[SourceTitle "EXT 2022"]
[Source "ChessBase"]
[SourceDate "2021.10.06"]
[SourceVersion "1"]
[SourceVersionDate "2021.10.06"]
[SourceQuality "1"]

1. e4 c6 2. d4 d5 3. e5 Bf5 4. Nf3 h6 5. c4 e6 6. Nc3 Ne7 7. Nh4 Bh7 8. f4 dxc4 9. Bxc4 Nd5 10. Nf3 Bb4 11. Bd2 0-0 12. 0-0 Be7 13. a3 Nd7 14. Nxd5 cxd5 15. Be2 Rc8 16. Rc1 Qb6 17. Bc3 f6 18. exf6 Bxf6 19. Kh1 Qd8 20. Bd3 Be7 21. Bxh7+ Kxh7 22. Qd3+ Kg8 23. Rce1 Qb6 24. Ne5 Nf6 25. f5 Ne4 26. Nd7 Qc6 27. Nxf8 Bxf8 28. fxe6 Qxe6 29. Qf3 Qc6 30. Qf7+ Kh8 31. Rf3 a6 32. h4 Bd6 33. Rxe4 dxe4 34. d5 Qe8 35. Qxg7# 1-0

[Event "Santa Maria 1st"]
[Site "Santa Maria de Jetiba"]
[Date "2020.03.14"]
[Round "1"]
[White "Basilio, Romulo Augusto Beta"]
[Black "De Freitas, Fabio Ribeiro"]
[Result "0-1"]
[WhiteElo "1800"]
[BlackElo "1800"]
[PlyCount "90"]
[EventDate "2020.03.14"]
[EventType "tourn"]
[EventRounds "11"]
[EventCountry "BRA"]
[SourceTitle "CBM 195 Extra"]
[Source "ChessBase"]
[SourceDate "2020.05.31"]
[SourceVersion "1"]
[SourceVersionDate "2020.05.31"]
[SourceQuality "1"]

1. e4 e5 2. Nf3 Nc6 3. d4 exd4 4. Nxd4 Bc5 5. Nxc6 Qf6 6. Qe2 Qxc6 7. Be3 Bxe3 8. fxe3 Qxe4 9. Nc3 Qb4 10. 0-0-0 Nf6 11. Nb5 Qc5 12. Qc4 Qxc4 13. Bxc4 Kd8 14. Bxf7 a6 15. Nd4 c6 16. Nf5 d5 17. Nxg7 Ke7 18. Bh5 Nxh5 19. Nxh5 Bg4 20. Rde1 Bxh5 21. e4 d4 22. Rhf1 Rhf8 23. Rf5 Bg6 24. Re5+ Kd6 25. Rg5 Rae8 26. e5+ Ke6 27. h4 Rf5 28. g4 Rxg5 29. hxg5 Kd5 30. c3 Rxe5 31. Rxe5+ Kxe5 32. cxd4+ Kxd4 33. Kd2 Ke4 34. b4 Kf4 35. Kc3 Kxg4 36. Kd4 b6 37. Ke5 Kxg5 38. Kd6 Be4 39. Kc7 c5 40. Kxb6 c4 41. Kxa6 c3 42. b5 c2 43. b6 c1Q 44. b7 Bxb7+ 45. Kxb7 Qa3 0-1